000
00299nam a22001217a 4500
082
_a
536.7 OBE'E
100
_a
YOUNG, R. L,OBERT, E. F
_9
80654
245
_a
ELEMENTS OF THERMODYNAMICS AND HEAT TRANSFER
250
_a
2ND ED
260
_a
NEWYORK
_b
MCGRAW HILL
_c
1962
300
_a
523P
942
_c
BK
999
_c
585550
_d
585550